| 000 -LEADER |
| fixed length control field |
00964nam a22002297a 4500 |
| 003 - CONTROL NUMBER IDENTIFIER |
| control field |
0 |
| 005 - DATE AND TIME OF LATEST TRANSACTION |
| control field |
20251104100608.0 |
| 008 - FIXED-LENGTH DATA ELEMENTS--GENERAL INFORMATION |
| fixed length control field |
251104b xxu||||| |||| 00| 0 eng d |
| 020 ## - INTERNATIONAL STANDARD BOOK NUMBER |
| International Standard Book Number |
978-0-316-46291-4 |
| 050 ## - LIBRARY OF CONGRESS CALL NUMBER |
| Classification number |
BF 637.S8 |
| Item number |
.G53 2019 |
| 100 ## - MAIN ENTRY--PERSONAL NAME |
| Personal name |
Gladwell, Malcolm, |
| Relator term |
author. |
| 245 ## - TITLE STATEMENT |
| Title |
Talking to strangers : |
| Remainder of title |
what we should know about the people we don't know / |
| Statement of responsibility, etc |
Malcolm Gladwell. |
| 260 ## - PUBLICATION, DISTRIBUTION, ETC. (IMPRINT) |
| Place of publication, distribution, etc |
New York : |
| Name of publisher, distributor, etc |
Little, Brown and Company, |
| Date of publication, distribution, etc |
2019. |
| 300 ## - PHYSICAL DESCRIPTION |
| Extent |
xii, 386 pages : |
| Other physical details |
illustrations ; |
| Dimensions |
18 cm. |
| 500 ## - GENERAL NOTE |
| General note |
“A Malcolm Gladwell book” label. Includes case studies and interviews. |
| 504 ## - BIBLIOGRAPHY, ETC. NOTE |
| Bibliography, etc |
Includes bibliographical references and index. |
| 520 ## - SUMMARY, ETC. |
| Summary, etc |
Examines why we fail to understand strangers, exploring cases from Sandra Bland to spies and financial fraud to demonstrate how our assumptions often mislead us. |
| 650 ## - SUBJECT ADDED ENTRY--TOPICAL TERM |
| Topical term or geographic name as entry element |
Interpersonal communication. |
| 650 ## - SUBJECT ADDED ENTRY--TOPICAL TERM |
| Topical term or geographic name as entry element |
Social psychology. |
| 650 ## - SUBJECT ADDED ENTRY--TOPICAL TERM |
| Topical term or geographic name as entry element |
Trust. |
| 942 ## - ADDED ENTRY ELEMENTS (KOHA) |
| Source of classification or shelving scheme |
|
| Koha item type |
Books |